Formules STMG - Statistiques

Statistiques générales
  • Ce quiz a été pris 23 fois
  • Le résultat moyen est 8 sur 39
Statistiques - réponses
Question Réponse % Correct
Le taux d' évolution se calcule : ((VA − VD) / VD) × 100
72%
Le taux d' absenteisme se calcule : (Nombre d'heures d'absence / Nombre total d'heure(s) travaillées) × 100
61%
Le RNC se calcule : Total des produits - Total des charges
56%
La valeur ajoutée se calcule : CA ( Chiffre d'affaire); CI (Consommation intermediaires) CA-CI
50%
La perte est : Total des produits < Total des charges
44%
Le bénefice est : Total des produits > Total des charges
44%
La productivité horaire se calcule : Nombre de produits / Temps travaillé
39%
Le chiffre d'affaire se calcule : Prix de vente HT × Quantité vendue
39%
La part de marché en valeur se calcule : (CA entreprise / CA concurrents) × 100
33%
La productivité par tête se calcule : Nombre de produits / Nombre d'agents de production
33%
Le taux de rentabilité se calcule : RNC (Résultat Net Comptable) (RNC/ Capitaux propres) × 100
33%
La part de marché en volume se calcule : (Quantité vendue entreprise / Quantité vendue des concurrents) × 100
28%
Le taux de profitabilité se calcule : RNC (Résultat Net Comptable) (RNC/CA) × 100
28%
Le coût de revient se calcule : Prix de vente HT − Marge
22%
La marge se calcule : Prix HT - Coût de revient
22%
L'Actif Net Comptable se calcule : (Actifs immobilisés + Actifs circulants) - Dettes
17%
Le prix de vente HT se calcule : Coût de revient - Marge
17%
Les achats TTC se calculent : Achats HT × (1 + Taux de TVA)
11%
La MSCV se calcule : MSCV (Marge Sur Coût Variable) Chiffre d’affaires − Coûts variables
11%
Le prix HT en fonction du TTC se calcule : HT × (1 + Taux de TVA)
11%
Le taux de marge sur le coût de revient se calcule : (Marge / Coût de revient) × 100
11%
Le taux de marge sur le prix HT se calcule : (Marge / Prix HT) × 100
11%
Le taux de rotation se calcule : ((Nombre de départs + Nombre d’arrivées) / 2 / Effectif total) × 100
11%
Le point mort en mois : (SR valeur / Chiffre d’affaires annuel) × 12
11%
La TVA à reverser à l'état TVA collectée − TVA déductible
11%
Le besoin en fond de roulement se calcule : Actif circulant − Passif circulant
6%
Le SR en valeur se calcule : SR (Seuil de rentabilité) Coûts fixes / Taux de marge sur coût variable
6%
Le résultat se calcule : MSCV − Coûts fixes
6%
La notoriété spontanée se calcule : Nombre de personnes citant la marque / Nombre total de personnes interrogées × 100
6%
Le prix TTC se calcule : Prix de vente HT × (1 + Taux de TVA)
6%
Le solde se calcule : Solde de début de mois + Encaissements − Décaissements
6%
Le point mort en jours : (SR valeur / Chiffre d’affaires annuel) × 360
6%
L'actualisation se calcule : Valeur finale / (1 + t)^n
6%
La TVA déductible se calcule : Achats HT × Taux de TVA
0%
Le SR en volume se calcule : SR (Seuil de rentabilité) Coûts fixes / Marge sur coût variable unitaire
0%
La notoriété assistée se calcule : Nombre de personnes reconnaissant la marque / Nombre total de personnes interrogées × 100 )
0%
La TVA collectée se calcule : Prix de vente HT × Taux de TVA
0%
Le prix TTC en fonction du prix HT se calcule : TTC / (1 + Taux de TVA)
0%
La capitalisation se calcule : ^ (puissance); t (taux) Valeur initiale × (1 + t)^n
0%
Aucun quiz correspondant
Distribution des résultats
% des personnes avec chaque résultat
Percentile par nombre de réponses
Votre historique - résultats
Vous n’avez pas pris ce quiz